000 00668nam a2200241Ia 4500
003 OSt
005 20220928113701.0
006 a|||||r|||| 00| 0
007 ta
008 220927b |||||||| |||| 00| 0 eng d
024 _a70598
037 _cTextual
040 _aSDCL
_cSDCL
_beng
041 _2eng
_aeng
082 _aR:(Y), P5
100 _aJoseph Jonathan Ed.
_9434466
245 0 _aSocial theory
_b A reader.
260 _aEdinburgh,
_bEdinburgh University Press
_c2005
300 _avii,293p. BIbp281-84
_ccm.
650 _aPhilosophy-Sociology
_9434467
942 _hR:(Y), P5
_cTEXL
_2CC
999 _c750800
_d750800